Kenapa telefon bimbit tidak selamat (Record no. 92628)

MARC details
000 -LEADER
fixed length control field 00605nam a2200217 i 4500
001 - CONTROL NUMBER
control field C2-0286911
003 - CONTROL NUMBER IDENTIFIER
control field PPAK
005 - DATE AND TIME OF LATEST TRANSACTION
control field 20180728020301.0
008 - FIXED-LENGTH DATA ELEMENTS--GENERAL INFORMATION
fixed length control field 080130s2007 my a|||| ||||| | may d
020 ## - INTERNATIONAL STANDARD BOOK NUMBER
International Standard Book Number 9831041151
040 ## - CATALOGING SOURCE
Original cataloging agency PPAK
Language of cataloging eng
Transcribing agency PPAK
Description conventions rda
082 04 - DEWEY DECIMAL CLASSIFICATION NUMBER
Classification number 384.5
Edition number 23
090 00 - LOCALLY ASSIGNED LC-TYPE CALL NUMBER (OCLC); LOCAL CALL NUMBER (RLIN)
Classification number (OCLC) (R) ; Classification number, CALL (RLIN) (NR) 384.5
Feature heading KEN
Feature heading R
245 00 - TITLE STATEMENT
Title Kenapa telefon bimbit tidak selamat
264 #1 - PRODUCTION, PUBLICATION, DISTRIBUTION, MANUFACTURE, AND COPYRIGHT NOTICE
Place of production, publication, distribution, manufacture Pulau Pinang :
Name of producer, publisher, distributor, manufacturer Persatuan Pengguna Pulau Pinang ,
Date of production, publication, distribution, manufacture, or copyright notice [2007]
300 ## - PHYSICAL DESCRIPTION
Extent 48 pages :
Other physical details illustrations ;
Dimensions 11 cm
336 ## - CONTENT TYPE
Source rdacontent
Content type term text
337 ## - MEDIA TYPE
Source rdamedia
Media type term unmediated
338 ## - CARRIER TYPE
Source rdacarrier
Carrier type term volume
942 ## - ADDED ENTRY ELEMENTS (KOHA)
-- dc
Koha item type Book
Holdings
Withdrawn Not for loan Current library Shelving location Date acquired Total Checkouts Full call number Barcode Date last seen Koha item type
  Not For Loan Perpustakaan Merbok Rujukan Dewasa 12/02/2008   R 384.5 KEN A01223991 09/05/2018 Book
  Not For Loan Perpustakaan Merbok Rujukan Dewasa 12/02/2008   R 384.5 KEN A01223992 09/05/2018 Book